Constitutional law of inda / (Record no. 134572)
[ view plain ]
| 000 -LEADER | |
|---|---|
| fixed length control field | 00688nam a22002417a 4500 |
| 005 - DATE AND TIME OF LATEST TRANSACTION | |
| control field | 20170124110229.0 |
| 010 ## - LIBRARY OF CONGRESS CONTROL NUMBER | |
| LC control number | A-140451 |
| 020 ## - INTERNATIONAL STANDARD BOOK NUMBER | |
| Terms of availability | 75.00 |
| 035 ## - SYSTEM CONTROL NUMBER | |
| System control number | A-140451 |
| 037 ## - SOURCE OF ACQUISITION | |
| Source of stock number/acquisition | Cen Lib/Ret |
| 040 ## - CATALOGING SOURCE | |
| Original cataloging agency | DPL |
| Language of cataloging | EN |
| 082 ## - DEWEY DECIMAL CLASSIFICATION NUMBER | |
| Classification number | 342.54 |
| Item number | TOP |
| 100 ## - MAIN ENTRY--PERSONAL NAME | |
| Personal name | Tope, T.K. |
| 9 (RLIN) | 41125 |
| 245 ## - TITLE STATEMENT | |
| Title | Constitutional law of inda / |
| Statement of responsibility, etc | by T.K. Tope |
| 246 ## - VARYING FORM OF TITLE | |
| Remainder of title | |
| 260 ## - PUBLICATION, DISTRIBUTION, ETC. (IMPRINT) | |
| Name of publisher, distributor, etc | Eastern Book Company |
| Place of publication, distribution, etc | Lucknow |
| Date of publication, distribution, etc | 1982 |
| 270 ## - ADDRESS | |
| City | Lucknow |
| Address | 34, lalabagh |
| Postal code | 226001 |
| 300 ## - PHYSICAL DESCRIPTION | |
| Extent | xxxv, 781p. |
| Dimensions | 23cm(Hb) |
| 500 ## - GENERAL NOTE | |
| General note | Includes bibliographical references and index |
| 650 ## - SUBJECT ADDED ENTRY--TOPICAL TERM | |
| Topical term or geographic name as entry element | Law |
| 9 (RLIN) | 104 |
| 650 ## - SUBJECT ADDED ENTRY--TOPICAL TERM | |
| Topical term or geographic name as entry element | Constitution Law |
| Geographic subdivision | India |
| 9 (RLIN) | 41126 |
| 942 ## - ADDED ENTRY ELEMENTS (KOHA) | |
| Source of classification or shelving scheme | Dewey Decimal Classification |
| Koha item type | English Books |
| Classification part | 342.54 |
| Call number suffix | TOP |
| Withdrawn status | Lost status | Damaged status | Not for loan | Collection code | Home library | Current library | Date acquired | Source of acquisition | Cost, normal purchase price | Total Checkouts | Full call number | Barcode | Date last seen | Copy number | Cost, replacement price | Price effective from | Koha item type |
|---|---|---|---|---|---|---|---|---|---|---|---|---|---|---|---|---|---|
| Not For Loan | Reference | Central Library | Central Library | 30/07/2015 | Cen Lib/Ret | 75.00 | 342.54 TOP | A-140451 | 30/07/2015 | 1 | 75.00 | 30/07/2015 | English Books |
